000
00264nam a22000977a 4500
008
221010b |||||||| |||| 00| 0 eng d
020
_a
9781408855652
100
_a
Rowling.J.K
245
_a
Harry Potter and the Philosopher's Stone
260
_a
London
_b
Bloomsburt
_c
2022
999
_c
12066
_d
12066